Normal view
MARC view
Entry Personal Name
001 - CONTROL NUMBER
- control field: 34276
003 - CONTROL NUMBER IDENTIFIER
- control field: OSt
005 - DATE AND TIME OF LATEST TRANSACTION
- control field: 20211105135644.0
008 - FIXED-LENGTH DATA ELEMENTS
- fixed length control field: 211105|| aca||aabn | a|a d
040 ## - CATALOGING SOURCE
- Original cataloging agency: OSt
- Transcribing agency: OSt
100 ## - HEADING--PERSONAL NAME
- Personal name: Sonneborn, George., ed
670 ## - SOURCE DATA FOUND
- Source citation: Work cat.: (OSt): Conference inspired By the Accomplishments of the Far Ultraviolet Spectroscopic Explorer Mission Annapolis 2008 Oct. 20-22 34274, Future directions in ultraviolet spectroscopy, 2009